01012nam a2200241Ia 4500003000900000008004100009020001800050040001600068080002400084111006500108245024100173260003400414300001600448650002300464650001700487650002700504700003200531700003100563700003600594942000700630999001700637952011600654IN-BaIIA211028s9999 xx 000 0 eng d a0-540-53436-9 cIIA Library a523.947(082.2)bULM aInternational ConferencecHeidelbergd1990 June 5 - 8917268 0aMechanisms of chromospheric and coronal heatingbproceedings of the International conference held in Heidelberg, 5 - 8 June, 1990cedited by Peter Ulmschneider, Eric R. Priest and Robert Rosner  aBerlinbSpringer-Verlagc1991 aIxiv, 649p. aChromosphere95508 aCorona98341 aCoronal Heating914860 aPriest, Eric R., ed.917269 aRosner, Robert, ed.917270 aUlmschneider, Peter, ed.917271 cBK c10180d10180 00104070aBANbBANcGENd1991-07-04l1m1o523.947(082.2)/ ULMp11090r2023-03-30s2022-01-10w1991-07-04yBK